[Event "GSF 75 aars jubilaeum Basis 1 2008"]
[Site "Bagsvaerd"]
[Date "2008.04.15"]
[Round "1"]
[White "Kristensen, Sascha"]
[Black "Neesgaard Madsen, Helge"]
[Result "0-1"]
[WhiteElo "1583"]
[BlackElo "1742"]
[PlyCount "50"]
[EventDate "2008.??.??"]

1. d4 d5 2. e4 c6 3. Nc3 dxe4 4. f3 e3 5. Bxe3 Nf6 6. Bd3 e6 7. a3 Bd6 8. Nge2
O-O 9. Qd2 Nbd7 10. g4 Nb6 11. h4 Nfd5 12. Bf2 Qc7 13. Ne4 Bf4 14. Nxf4 Qxf4
15. Qe2 f5 16. Nc5 fxg4 17. fxg4 e5 18. c4 Bxg4 19. Qc2 exd4 20. cxd5 Rae8+ 21.
Ne6 Nxd5 22. Bxh7+ Kh8 23. O-O Rxe6 24. Rae1 Bf3 25. Rxe6 Qg4+ 0-1

[Event "GSF 75 aars jubilaeum Basis 1 2008"]
[Site "Bagsvaerd"]
[Date "2008.04.15"]
[Round "1"]
[White "Fischer, Bent Bolvinkel"]
[Black "Lodahl, Holger"]
[Result "1-0"]
[WhiteElo "1628"]
[BlackElo "1645"]
[PlyCount "73"]
[EventDate "2008.??.??"]

1. e4 c5 2. Nf3 d6 3. d3 g6 4. g3 Bg7 5. Bg2 Nc6 6. c3 e6 7. O-O Nge7 8. Nbd2
Rb8 9. a4 a6 10. Re1 O-O 11. Nc4 b5 12. axb5 axb5 13. Ne3 b4 14. Bd2 d5 15.
exd5 exd5 16. Nc2 bxc3 17. bxc3 Rb3 18. Ra3 Rxa3 19. Nxa3 Be6 20. Qa4 Qa8 21.
Qxa8 Rxa8 22. Nc2 Ra2 23. Rc1 Bf5 24. Nce1 h6 25. h3 Ne5 26. Bf1 g5 27. Be3 Nd7
28. d4 c4 29. g4 Be4 30. h4 f6 31. h5 f5 32. gxf5 Nxf5 33. Rd1 Nf6 34. Bxg5
hxg5 35. Nxg5 Nxh5 36. Nxe4 dxe4 37. Bxc4+ 1-0

[Event "GSF 75 aars jubilaeum Basis 1 2008"]
[Site "Bagsvaerd"]
[Date "2008.04.15"]
[Round "1"]
[White "Olsen, Michael"]
[Black "Draeger, Mikael"]
[Result "1/2-1/2"]
[WhiteElo "1724"]
[BlackElo "1656"]
[PlyCount "98"]
[EventDate "2008.??.??"]

1. e4 e5 2. Bc4 Nc6 3. Nf3 Bc5 4. O-O Nf6 5. c3 Nxe4 6. b4 Nxf2 7. Rxf2 Bxf2+
8. Kxf2 d5 9. Bb5 O-O 10. Bxc6 bxc6 11. d3 Ba6 12. Nxe5 Qh4+ 13. Kg1 Rae8 14.
g3 Qh3 15. Nf3 f5 16. Bf4 Qg4 17. Nbd2 Bxd3 18. Ne5 Qxd1+ 19. Rxd1 Be2 20. Re1
Bb5 21. Ndf3 h6 22. h4 Rf6 23. Kf2 c5 24. bxc5 Ra6 25. Ra1 Ra3 26. Bd2 Ba6 27.
Ke1 d4 28. Kd1 dxc3 29. Bc1 c2+ 30. Kxc2 Ra4 31. Bf4 Re4 32. a4 Re2+ 33. Kc3
Re4 34. Rb1 Rxa4 35. Rb3 Ra5 36. Nd7 Be2 37. Nd4 Bd1 38. Rb1 Ra3+ 39. Kc4 Ra4+
40. Kc3 Bg4 41. c6 Re4 42. Rb8+ Kf7 43. Ne5+ Ke7 44. Nb5 Bh5 45. Rg8 Kf6 46.
Rf8+ Ke7 47. Rg8 Kf6 48. Rf8+ Ke7 49. Rg8 Kf6 1/2-1/2

[Event "GSF 75 aars jubilaeum Basis 1 2008"]
[Site "Bagsvaerd"]
[Date "2008.05.06"]
[Round "1"]
[White "Haubro, Martin"]
[Black "Varming, Thomas"]
[Result "0-1"]
[WhiteElo "1635"]
[BlackElo "1723"]
[PlyCount "84"]
[EventDate "2008.??.??"]

1. e4 c6 2. d4 d5 3. exd5 cxd5 4. Bd3 Nf6 5. c3 Bg4 6. Nf3 Nc6 7. Bf4 Qb6 8. b4
e6 9. Nbd2 Be7 10. O-O Rc8 11. Qb3 O-O 12. Rfe1 Ne8 13. h3 Bxf3 14. Nxf3 Bd6
15. Bd2 Bb8 16. a4 a5 17. b5 Ne7 18. Re2 Nd6 19. Rae1 h6 20. Ne5 Qc7 21. Rc1
Ndf5 22. Qb2 f6 23. Nf3 Nh4 24. Re3 Nxf3+ 25. Rxf3 Qh2+ 26. Kf1 e5 27. Qb1 e4
28. Bxe4 dxe4 29. Qxe4 Rfe8 30. Re3 f5 31. Qxb7 Ng6 32. Qd5+ Kh7 33. Qxf5 Rf8
34. Qg4 Bf4 35. Re6 Bxd2 36. Qxg6+ Kh8 37. Rc2 Bxc3 38. Re3 Qh1+ 39. Ke2 Qe1+
40. Kd3 Qd1+ 41. Ke4 Qxc2+ 42. Ke5 Qxg6 0-1

[Event "GSF 75 aars jubilaeum Basis 1 2008"]
[Site "Bagsvaerd"]
[Date "2008.04.22"]
[Round "2"]
[White "Neesgaard Madsen, Helge"]
[Black "Haubro, Martin"]
[Result "0-1"]
[WhiteElo "1742"]
[BlackElo "1635"]
[PlyCount "36"]
[EventDate "2008.??.??"]

1. d4 d5 2. e3 f5 3. f4 Nf6 4. Nf3 e6 5. Bd3 Bd6 6. c4 c6 7. Nc3 Ne4 8. O-O Nd7
9. Ne5 O-O 10. a4 Rf6 11. g4 Bxe5 12. dxe5 Rg6 13. g5 Nxg5 14. fxg5 Qxg5+ 15.
Kf2 Qh4+ 16. Ke2 Rg2+ 17. Kf3 Qh3+ 18. Kf4 g5# 0-1

[Event "GSF 75 aars jubilaeum Basis 1 2008"]
[Site "Bagsvaerd"]
[Date "2008.04.22"]
[Round "2"]
[White "Olsen, Michael"]
[Black "Fischer, Bent Bolvinkel"]
[Result "0-1"]
[WhiteElo "1724"]
[BlackElo "1628"]
[PlyCount "64"]
[EventDate "2008.??.??"]

1. e4 g6 2. Bc4 Bg7 3. Nc3 d6 4. Nf3 Nf6 5. O-O O-O 6. d4 Nc6 7. d5 Nb8 8. Be3
h6 9. Qd2 Kh7 10. Bd3 e5 11. Ne2 Ng4 12. Ng3 Nd7 13. Rad1 a5 14. h3 Nxe3 15.
Qxe3 Nc5 16. Be2 f5 17. exf5 gxf5 18. Nh5 Qe7 19. Nxg7 Qxg7 20. Qa3 Bd7 21. Nh2
Rg8 22. g3 b6 23. Kg2 f4 24. c4 Raf8 25. Qf3 e4 26. Qa3 f3+ 27. Bxf3 exf3+ 28.
Nxf3 Re8 29. Rc1 Bf5 30. b4 axb4 31. Qxb4 Nd3 32. a3 Nxb4 0-1

[Event "GSF 75 aars jubilaeum Basis 1 2008"]
[Site "Bagsvaerd"]
[Date "2008.04.22"]
[Round "2"]
[White "Lodahl, Holger"]
[Black "Kristensen, Sascha"]
[Result "0-1"]
[WhiteElo "1645"]
[BlackElo "1583"]
[PlyCount "92"]
[EventDate "2008.??.??"]

1. d4 f5 2. c4 Nf6 3. Nc3 e6 4. Nf3 c6 5. a3 a5 6. Bf4 d5 7. e3 Nbd7 8. Bd3 Ne4
9. O-O Be7 10. Ne5 O-O 11. f3 Nef6 12. e4 fxe4 13. fxe4 Qb6 14. exd5 Qxd4+ 15.
Kh1 Kh8 16. Nf7+ Rxf7 17. dxe6 Rf8 18. exd7 Bxd7 19. Be2 Qxd1 20. Raxd1 Rae8
21. Bc7 Bd8 22. Bd6 Rf7 23. Bh5 g6 24. Be2 Kg7 25. c5 Be6 26. Rf2 Bb3 27. Rdf1
Ne4 28. Rxf7+ Bxf7 29. Nxe4 Rxe4 30. Bf3 Rc4 31. Be5+ Kg8 32. Rd1 Be7 33. Bd6
Bf6 34. Rb1 Bxb2 35. h3 Bxa3 36. Rxb7 Bxc5 37. Rb8+ Kg7 38. Be5+ Kh6 39. Bxc6
Bb4 40. Bb5 Re4 41. Bg3 Bb3 42. Bc6 Rc4 43. Bd5 Rc1+ 44. Kh2 Bxd5 45. Bf4+ Kg7
46. Bxc1 Bd6+ 0-1

[Event "GSF 75 aars jubilaeum Basis 1 2008"]
[Site "Bagsvaerd"]
[Date "2008.04.22"]
[Round "2"]
[White "Draeger, Mikael"]
[Black "Varming, Thomas"]
[Result "0-1"]
[WhiteElo "1656"]
[BlackElo "1723"]
[PlyCount "136"]
[EventDate "2008.??.??"]

1. e4 c6 2. d4 d5 3. Nc3 dxe4 4. Nxe4 Nf6 5. Ng5 Bf5 6. Bc4 e6 7. Ne2 h6 8. Nf3
Bd6 9. c3 Ne4 10. Be3 Nd7 11. Ng3 Nxg3 12. hxg3 Nb6 13. Bb3 Nd5 14. Bg5 Qc7 15.
Qe2 Kd7 16. Bd2 f6 17. O-O-O Rae8 18. Nh4 Bh7 19. Qh5 Kc8 20. Ng6 Rhg8 21. f4
Qf7 22. Bc2 Qc7 23. Qf3 Qa5 24. Kb1 Kb8 25. f5 Bxg6 26. fxg6 Qc7 27. g4 Bf4 28.
Bxf4 Qxf4 29. c4 Qxf3 30. gxf3 Ne3 31. Rd3 Nxc4 32. Bb3 Nb6 33. Re1 Nd5 34.
Bxd5 cxd5 35. Rde3 Kc7 36. Rxe6 Rxe6 37. Rxe6 Kd7 38. Re3 Re8 39. Rb3 Kc6 40.
Rc3+ Kd6 41. Kc2 Re7 42. Kd3 Ke6 43. Rc5 Rd7 44. Rc8 f5 45. Rf8 fxg4 46. fxg4
Ke7 47. Rf7+ Ke6 48. Rf5 Rd6 49. Re5+ Kd7 50. Ke3 Rxg6 51. Rxd5+ Kc6 52. Rc5+
Kd6 53. Kf4 Rf6+ 54. Rf5 Re6 55. Rf7 Re7 56. Rxe7 Kxe7 57. Ke5 g6 58. a4 h5 59.
gxh5 gxh5 60. b4 h4 61. Kf4 Kd6 62. Kg4 h3 63. Kxh3 Kd5 64. b5 Kxd4 65. a5 Kc5
66. a6 b6 67. Kg2 Kxb5 68. Kf2 Kxa6 0-1

[Event "GSF 75 aars jubilaeum Basis 1 2008"]
[Site "Bagsvaerd"]
[Date "2008.04.29"]
[Round "3"]
[White "Kristensen, Sascha"]
[Black "Olsen, Michael"]
[Result "1-0"]
[WhiteElo "1583"]
[BlackElo "1724"]
[PlyCount "93"]
[EventDate "2008.??.??"]

1. d4 e6 2. c4 Bb4+ 3. Nc3 c5 4. e3 Nf6 5. Nf3 O-O 6. Bd2 cxd4 7. Nxd4 e5 8.
Nc2 Be7 9. Bd3 Nc6 10. a3 d5 11. cxd5 Nxd5 12. O-O Nf6 13. Be2 Be6 14. Rc1 Na5
15. Be1 Qc8 16. Na1 Nc6 17. Qa4 Nd7 18. Ne4 f5 19. Ng3 Nc5 20. Qc2 f4 21. exf4
Nd4 22. Qd1 exf4 23. Ne4 f3 24. gxf3 Nxe2+ 25. Qxe2 Bh3 26. b4 Bxf1 27. Qxf1
Rxf3 28. bxc5 Qg4+ 29. Ng3 Rxa3 30. Rc4 Qg6 31. Bb4 Ra4 32. Qd1 b5 33. Rd4 a5
34. Bc3 Rxd4 35. Bxd4 Rd8 36. Qb3+ Qf7 37. Qc3 b4 38. Qe3 Bxc5 39. Bxc5 Rd1+
40. Kg2 Rxa1 41. Qd4 Qb7+ 42. Ne4 Re1 43. Qd8+ Kf7 44. Qf8+ Kg6 45. Qd6+ Kf5
46. Qf8+ Kxe4 47. Qf3+ 1-0

[Event "GSF 75 aars jubilaeum Basis 1 2008"]
[Site "Bagsvaerd"]
[Date "2008.04.29"]
[Round "3"]
[White "Fischer, Bent Bolvinkel"]
[Black "Draeger, Mikael"]
[Result "1-0"]
[WhiteElo "1628"]
[BlackElo "1656"]
[PlyCount "87"]
[EventDate "2008.??.??"]

1. e4 c5 2. Nf3 d6 3. Bc4 Nf6 4. d3 g6 5. c3 Bg7 6. Nbd2 Nc6 7. Bb3 O-O 8. O-O
Bg4 9. h3 Bd7 10. Re1 Qc7 11. Nf1 Rfe8 12. Ng3 e6 13. Be3 Rad8 14. Qd2 a6 15.
a4 Na5 16. Bc2 b5 17. axb5 axb5 18. Bg5 Rb8 19. Bh6 Bh8 20. Bg5 Nc6 21. Qf4 e5
22. Qd2 b4 23. Reb1 Be6 24. Qe3 b3 25. Bd1 Nd7 26. Bh6 f6 27. Ra3 c4 28. Rba1
cxd3 29. Qxd3 Nc5 30. Qe3 Bc4 31. Be2 Qf7 32. Nd2 Bxe2 33. Qxe2 d5 34. exd5
Qxd5 35. Qc4 Qxc4 36. Nxc4 Nd3 37. Ra6 f5 38. Rxc6 Re7 39. Rca6 e4 40. Ra8 Ree8
41. Rxb8 Rxb8 42. Nf1 Bf6 43. Ra6 g5 44. Rxf6 1-0

[Event "GSF 75 aars jubilaeum Basis 1 2008"]
[Site "Bagsvaerd"]
[Date "2008.04.29"]
[Round "3"]
[White "Haubro, Martin"]
[Black "Lodahl, Holger"]
[Result "1-0"]
[WhiteElo "1635"]
[BlackElo "1645"]
[PlyCount "113"]
[EventDate "2008.??.??"]

1. e4 c5 2. Nf3 d6 3. d4 cxd4 4. Nxd4 Nf6 5. Nc3 a6 6. f4 e5 7. Nf3 Nbd7 8. Be2
Be7 9. O-O O-O 10. Kh1 Qc7 11. Qe1 b5 12. a3 Bb7 13. Bd3 Rac8 14. f5 Rfe8 15.
Qg3 Nc5 16. Bh6 Bf8 17. Rfe1 d5 18. Nd2 d4 19. Nd1 Kh8 20. Bg5 Ng8 21. Nf3 f6
22. Bh4 Nh6 23. Nf2 Nf7 24. Ng4 Be7 25. Qh3 Nxd3 26. cxd3 Qc2 27. Bg3 Qxd3 28.
Qh5 Qb3 29. Nd2 Qxb2 30. Qxf7 Qxd2 31. Rad1 Qg5 32. Nf2 Ba8 33. Rd3 Bf8 34. h4
Qh6 35. Ng4 Re7 36. Nxh6 Rxf7 37. Nxf7+ Kg8 38. Nxe5 fxe5 39. Bxe5 Re8 40. Bxd4
Rxe4 41. Rxe4 Bxe4 42. Rc3 Bxf5 43. Bc5 Bxc5 44. Rxc5 Bd3 45. Rc8+ Kf7 46. Ra8
h6 47. Rxa6 Bc4 48. Kh2 Kg8 49. g4 Kh7 50. Kg3 Bd3 51. Kf4 Be2 52. g5 hxg5+ 53.
Kxg5 Bc4 54. h5 Bd3 55. h6 gxh6+ 56. Rxh6+ Kg7 57. Rb6 1-0

[Event "GSF 75 aars jubilaeum Basis 1 2008"]
[Site "Bagsvaerd"]
[Date "2008.04.29"]
[Round "3"]
[White "Varming, Thomas"]
[Black "Neesgaard Madsen, Helge"]
[Result "1-0"]
[WhiteElo "1723"]
[BlackElo "1742"]
[PlyCount "149"]
[EventDate "2008.??.??"]

1. d4 d5 2. c4 e6 3. Nc3 f5 4. Nf3 Nf6 5. cxd5 exd5 6. Bg5 c6 7. e3 Be7 8. Ne5
O-O 9. Bd3 Ne4 10. Bxe7 Qxe7 11. Qc2 Nd7 12. Nxd7 Bxd7 13. O-O Rf6 14. Rae1 Rh6
15. g3 Qf7 16. f4 Qh5 17. Bxe4 fxe4 18. Rf2 Rf8 19. b4 Bg4 20. Qb3 Kh8 21. b5
Bd7 22. bxc6 Bxc6 23. Qa3 Ra8 24. Qe7 Re8 25. Qa3 a6 26. Nb1 Rf6 27. Nc3 g5 28.
Ref1 Ref8 29. Qe7 R8f7 30. Qe5 Kg8 31. Qxg5+ Qxg5 32. fxg5 Rf3 33. Rxf3 exf3
34. Kf2 b5 35. Nb1 b4 36. Nd2 Bb5 37. Rc1 Bc4 38. Nxc4 Rc7 39. Kxf3 dxc4 40. e4
a5 41. Ke3 a4 42. d5 b3 43. axb3 axb3 44. Kd2 Kf7 45. Kc3 Ke7 46. e5 Rc5 47.
Rd1 Kf7 48. d6 Rc8 49. d7 Rd8 50. Kxc4 b2 51. Rb1 Ke6 52. Rxb2 Rxd7 53. Re2 h6
54. gxh6 Rh7 55. Kd4 Rxh6 56. Rc2 Rh5 57. Rc6+ Ke7 58. h4 Rh8 59. Ra6 Re8 60.
Ke4 Rg8 61. Kf4 Rf8+ 62. Rf6 Ra8 63. g4 Ra4+ 64. Kf5 Rb4 65. h5 Rb1 66. h6 Rh1
67. Kg6 Rh4 68. g5 Rh3 69. Kg7 Re3 70. h7 Rxe5 71. h8=Q Rxg5+ 72. Kh6 Rg1 73.
Qf8+ Kd7 74. Qg7+ Rxg7 75. Kxg7 1-0

[Event "GSF 75 aars jubilaeum Basis 1 2008"]
[Site "Bagsvaerd"]
[Date "2008.05.13"]
[Round "4"]
[White "Olsen, Michael"]
[Black "Haubro, Martin"]
[Result "0-1"]
[WhiteElo "1724"]
[BlackElo "1635"]
[PlyCount "76"]
[EventDate "2008.??.??"]

1. e3 f5 2. Nc3 Nf6 3. Nge2 d5 4. b3 e6 5. Bb2 Bd6 6. Nb5 Be7 7. Nf4 c6 8. Nd4
e5 9. Nde6 Qd6 10. Nxg7+ Kf7 11. Nfh5 Ne4 12. f4 exf4 13. exf4 Rg8 14. d3 Nf6
15. Nxf6 Bxf6 16. Bxf6 Qxf6 17. Nh5 Qc3+ 18. Kf2 Qd4+ 19. Kf3 Re8 20. g3 Na6
21. Bh3 Qe3+ 22. Kg2 Qe2+ 23. Kg1 Qxd1+ 24. Rxd1 Kg6 25. g4 fxg4 26. f5+ Bxf5
27. Rf1 gxh3 28. Nf4+ Kg5 29. c4 dxc4 30. bxc4 Nb4 31. d4 Re4 32. a3 Nc2 33.
Nh5 Rg4+ 34. Ng3 Be4 35. Rf2 Nxd4 36. Kf1 Bxh1 37. Rf8 Rxf8+ 38. Kg1 Ne2+ 0-1

[Event "GSF 75 aars jubilaeum Basis 1 2008"]
[Site "Bagsvaerd"]
[Date "2008.06.03"]
[Round "4"]
[White "Lodahl, Holger"]
[Black "Varming, Thomas"]
[Result "1-0"]
[WhiteElo "1645"]
[BlackElo "1723"]
[PlyCount "63"]
[EventDate "2008.??.??"]

1. d4 Nf6 2. c4 c5 3. d5 b5 4. cxb5 a6 5. bxa6 Bxa6 6. Nc3 d6 7. e4 Bxf1 8.
Kxf1 g6 9. Nf3 Bg7 10. g3 O-O 11. Kg2 Nbd7 12. h3 Nb6 13. Re1 Nfd7 14. Qe2 Na4
15. Nxa4 Rxa4 16. a3 c4 17. Be3 c3 18. b4 Qa8 19. Nd4 Rxa3 20. Nc2 Rxa1 21.
Rxa1 Qc8 22. Ra7 e6 23. dxe6 fxe6 24. Qd3 e5 25. Qxd6 Rf7 26. Rc7 Qa8 27. Qd5
Qxd5 28. exd5 e4 29. b5 Be5 30. Rc8+ Kg7 31. Re8 Nf6 32. Rxe5 1-0

[Event "GSF 75 aars jubilaeum Basis 1 2008"]
[Site "Bagsvaerd"]
[Date "2008.05.13"]
[Round "4"]
[White "Draeger, Mikael"]
[Black "Neesgaard Madsen, Helge"]
[Result "1-0"]
[WhiteElo "1656"]
[BlackElo "1742"]
[PlyCount "71"]
[EventDate "2008.??.??"]

1. e4 e5 2. Nf3 Nc6 3. d4 exd4 4. Bc4 Nf6 5. e5 d5 6. Bb5 Ne4 7. Nxd4 Bd7 8.
Bxc6 bxc6 9. O-O c5 10. Nf3 Bg4 11. Nbd2 Nxd2 12. Bxd2 Rb8 13. b3 Be7 14. Re1
O-O 15. h3 Bh5 16. Qe2 Rb6 17. Bf4 Re6 18. g4 Bg6 19. Qd2 h6 20. Rad1 Be4 21.
Nh2 f6 22. c4 c6 23. Qb2 fxe5 24. Rxe4 Rxf4 25. Rxf4 exf4 26. cxd5 cxd5 27. Qc2
Kh8 28. Qf5 Qd6 29. Nf3 d4 30. b4 Qc6 31. Ne5 Qa4 32. Nf7+ Kg8 33. Qxe6 Qxd1+
34. Kh2 Qc2 35. Ng5+ Kh8 36. Qc8+ 1-0

[Event "GSF 75 aars jubilaeum Basis 1 2008"]
[Site "Bagsvaerd"]
[Date "2008.05.13"]
[Round "4"]
[White "Fischer, Bent Bolvinkel"]
[Black "Kristensen, Sascha"]
[Result "1-0"]
[WhiteElo "1628"]
[BlackElo "1583"]
[PlyCount "59"]
[EventDate "2008.??.??"]

1. e4 Nf6 2. d3 d5 3. Nd2 c6 4. Ngf3 Bg4 5. Be2 e6 6. c3 Bc5 7. O-O a5 8. a4
Qb6 9. h3 Bh5 10. Ne5 Bxe2 11. Qxe2 O-O 12. Ndf3 Nbd7 13. Nxd7 Nxd7 14. Ng5 Be7
15. e5 Qc7 16. d4 Qd8 17. Qh5 Bxg5 18. Bxg5 Qb6 19. Qg4 c5 20. Bh6 g6 21. Bxf8
Rxf8 22. dxc5 Qxc5 23. Qd4 Qc7 24. f4 Nc5 25. Ra3 Ne4 26. Rc1 Ng3 27. Rc2 Qe7
28. c4 Rc8 29. Rxg3 Qh4 30. Kh2 1-0

[Event "GSF 75 aars jubilaeum Basis 1 2008"]
[Site "Bagsvaerd"]
[Date "2008.05.20"]
[Round "5"]
[White "Varming, Thomas"]
[Black "Olsen, Michael"]
[Result "1-0"]
[WhiteElo "1723"]
[BlackElo "1724"]
[PlyCount "45"]
[EventDate "2008.??.??"]

1. d4 e6 2. Nf3 c5 3. c3 Nf6 4. Bf4 Nc6 5. e3 cxd4 6. cxd4 Bb4+ 7. Nbd2 Ne4 8.
a3 g5 9. axb4 Nxd2 10. Nxg5 Nxf1 11. Qh5 Qe7 12. Kxf1 Nxb4 13. Ne4 Nc2 14. Rc1
d5 15. Nd6+ Kd7 16. Rxc2 b6 17. Qxf7 Ba6+ 18. Ke1 Qxf7 19. Nxf7 Rhg8 20. Kd2
Ke7 21. Rc7+ Kf6 22. Ne5 Rg7 23. Bg5+ 1-0

[Event "GSF 75 aars jubilaeum Basis 1 2008"]
[Site "Bagsvaerd"]
[Date "2008.05.20"]
[Round "5"]
[White "Neesgaard Madsen, Helge"]
[Black "Lodahl, Holger"]
[Result "1-0"]
[WhiteElo "1742"]
[BlackElo "1645"]
[PlyCount "95"]
[EventDate "2008.??.??"]

1. d4 d5 2. e3 c5 3. f4 Nc6 4. c3 Nf6 5. Bd3 e6 6. Nf3 Bd6 7. O-O O-O 8. Ne5
Qe8 9. Rf3 Ne4 10. Nd2 f5 11. Rh3 Bxe5 12. fxe5 Nxd2 13. Bxd2 c4 14. Bc2 Qf7
15. b3 b5 16. a4 cxb3 17. Bxb3 bxa4 18. Rxa4 Bd7 19. c4 Nxe5 20. dxe5 Bxa4 21.
Bxa4 dxc4 22. Bb4 Rfb8 23. Bc6 Rd8 24. Bd6 Rac8 25. Qa4 c3 26. e4 f4 27. Rxc3
g5 28. Qd1 Qg7 29. Rc1 g4 30. Qb3 Qf7 31. Qb5 Qh5 32. Qb7 g3 33. h3 Qe2 34. Qb3
Rxd6 35. exd6 Qxe4 36. Qc3 Qe2 37. d7 Rd8 38. Qf3 Qxf3 39. gxf3 Kf7 40. Bb5 a6
41. Ba4 Ke7 42. Rc5 Rb8 43. Rc8 Rb1+ 44. Kg2 Rb2+ 45. Kf1 Rb1+ 46. Ke2 g2 47.
d8=Q+ Kf7 48. Qg8+ 1-0

[Event "GSF 75 aars jubilaeum Basis 1 2008"]
[Site "Bagsvaerd"]
[Date "2008.05.20"]
[Round "5"]
[White "Kristensen, Sascha"]
[Black "Draeger, Mikael"]
[Result "0-1"]
[WhiteElo "1583"]
[BlackElo "1656"]
[PlyCount "67"]
[EventDate "2008.??.??"]

1. d4 d5 2. e4 dxe4 3. Nc3 Nf6 4. f3 exf3 5. Qxf3 e6 6. a3 Be7 7. Be3 O-O 8.
Bc4 c6 9. Nge2 Nbd7 10. O-O-O Nb6 11. Ba2 Nbd5 12. Bg5 Qa5 13. Qg3 Re8 14. Bd2
Qd8 15. h4 Bd6 16. Qf3 b5 17. g4 a5 18. g5 b4 19. Nxd5 Nxd5 20. a4 Qc7 21. c4
bxc3 22. Nxc3 Rb8 23. Ne4 Qb6 24. b3 Ba3+ 25. Kb1 Qxd4 26. Bc3 Nxc3+ 27. Nxc3
Qe5 28. Rhf1 Qf5+ 29. Qxf5 exf5 30. Rd4 Be6 31. Kc2 c5 32. Rdf4 c4 33. Rb1 Bd6
34. Nb5 0-1

[Event "GSF 75 aars jubilaeum Basis 1 2008"]
[Site "Bagsvaerd"]
[Date "2008.05.27"]
[Round "6"]
[White "Draeger, Mikael"]
[Black "Lodahl, Holger"]
[Result "0-1"]
[WhiteElo "1656"]
[BlackElo "1645"]
[PlyCount "122"]
[EventDate "2008.??.??"]

1. e4 c5 2. d4 cxd4 3. c3 dxc3 4. Nxc3 e6 5. Nf3 Nc6 6. Bf4 Bb4 7. Bc4 Nge7 8.
O-O a6 9. a3 Bxc3 10. bxc3 b5 11. Ba2 O-O 12. Bd6 f6 13. Qe2 Rf7 14. Rfd1 Qe8
15. c4 bxc4 16. Qxc4 Ng6 17. Rab1 a5 18. Rb6 Nf8 19. Rdb1 f5 20. e5 h6 21. h4
Qd8 22. Qc1 Ba6 23. R1b2 Bd3 24. Qe3 Be4 25. g3 Bxf3 26. Qxf3 f4 27. Qe4 g5 28.
h5 fxg3 29. fxg3 Rc8 30. Rb7 Ne7 31. Kg2 Nf5 32. Qd3 Nxd6 33. Qxd6 Rc6 34. Qd2
d5 35. Rxf7 Kxf7 36. Qf2+ Kg7 37. Rb7+ Nd7 38. Bb1 Rc7 39. Qa7 Rxb7 40. Qxb7
Kf8 41. Qb2 Qb6 42. Qc3 Ke7 43. Bg6 Qc5 44. Qd3 Qc4 45. Qe3 Qa2+ 46. Kh3 Qb2
47. a4 Qxe5 48. Qf2 g4+ 49. Kh2 Nf6 50. Qa7+ Nd7 51. Qxa5 Qe2+ 52. Kh1 Qf1+ 53.
Kh2 Qh3+ 54. Kg1 Qxg3+ 55. Kf1 Qf3+ 56. Ke1 Qe3+ 57. Kd1 Qc5 58. Qe1 Qd4+ 59.
Kc1 Qa1+ 60. Kd2 Qxe1+ 61. Kxe1 Kd6 0-1

[Event "GSF 75 aars jubilaeum Basis 1 2008"]
[Site "Bagsvaerd"]
[Date "2008.05.27"]
[Round "6"]
[White "Fischer, Bent Bolvinkel"]
[Black "Varming, Thomas"]
[Result "1/2-1/2"]
[WhiteElo "1628"]
[BlackElo "1723"]
[PlyCount "25"]
[EventDate "2008.??.??"]

1. e4 d5 2. exd5 Nf6 3. Bb5+ Nbd7 4. Nc3 a6 5. Be2 Nb6 6. d4 Nbxd5 7. Nxd5 Nxd5
8. Nf3 Bf5 9. a3 e6 10. O-O c6 11. c4 Nf6 12. Bf4 Bd6 13. Bxd6 1/2-1/2

[Event "GSF 75 aars jubilaeum Basis 1 2008"]
[Site "Bagsvaerd"]
[Date "2008.05.27"]
[Round "6"]
[White "Olsen, Michael"]
[Black "Neesgaard Madsen, Helge"]
[Result "0-1"]
[WhiteElo "1724"]
[BlackElo "1742"]
[PlyCount "106"]
[EventDate "2008.??.??"]

1. e4 e5 2. Bc4 Nf6 3. Nc3 Bc5 4. Nf3 d6 5. d3 Nc6 6. O-O Bg4 7. h3 Bh5 8. Be3
Qe7 9. g4 Bg6 10. g5 Nh5 11. Nd5 Qd7 12. Kg2 Bxe3 13. fxe3 Na5 14. Bb5 c6 15.
b4 cxb5 16. bxa5 h6 17. gxh6 Rxh6 18. Ng5 O-O-O 19. Qg4 f6 20. Qxd7+ Kxd7 21.
Nf3 Bf7 22. Rab1 a6 23. a4 Bxd5 24. exd5 Rc8 25. Rfc1 Rc5 26. d4 exd4 27. axb5
dxe3 28. bxa6 bxa6 29. Rb7+ Kc8 30. Rcb1 Rxc2+ 31. Kf1 Ng3+ 32. Ke1 Rxh3 33.
Rb8+ Kd7 34. Kd1 Rc7 35. Rg8 Rh1+ 36. Ne1 Nf5 37. Rbb8 Rh2 38. Nf3 Rhc2 39.
Rgf8 Rc8 40. Rb7+ R2c7 41. Rf7+ Kd8 42. Rbxc7 Rxc7 43. Rxc7 Kxc7 44. Ke2 g5 45.
Nh2 Ne7 46. Kxe3 Nxd5+ 47. Kd4 Kc6 48. Kc4 Ne3+ 49. Kd4 Nf5+ 50. Ke4 Ng3+ 51.
Kf3 Nh5 52. Kg4 Ng7 53. Nf3 Kb5 0-1

[Event "GSF 75 aars jubilaeum Basis 1 2008"]
[Site "Bagsvaerd"]
[Date "2008.06.10"]
[Round "7"]
[White "Haubro, Martin"]
[Black "Draeger, Mikael"]
[Result "0-1"]
[WhiteElo "1635"]
[BlackElo "1656"]
[PlyCount "82"]
[EventDate "2008.??.??"]

1. e4 e5 2. f4 exf4 3. Nf3 d5 4. exd5 Qxd5 5. d4 Nf6 6. Be2 c6 7. Bxf4 Be7 8.
O-O O-O 9. c4 Qd8 10. Bd3 Bg4 11. Be3 Re8 12. Nc3 Nbd7 13. Qc2 Bd6 14. Bg5 Qc7
15. h3 Bh5 16. Nd2 Bg6 17. Bxg6 hxg6 18. Nde4 Nh5 19. Qf2 f5 20. Nxd6 Qxd6 21.
Ne2 Ndf6 22. Bxf6 Nxf6 23. Nc3 Ne4 24. Qe3 Ng3 25. Qf4 Qxf4 26. Rxf4 Ne2+ 27.
Nxe2 Rxe2 28. b3 Rae8 29. Rf2 R2e4 30. Rd2 Kf7 31. Rad1 Ke6 32. Kf2 Kd6 33. d5
c5 34. Rc1 g5 35. Rcc2 Rf4+ 36. Kg1 Re1+ 37. Kh2 Rfe4 38. Kg3 g4 39. h4 R1e3+
40. Kf2 g3+ 41. Kg1 Re1# 0-1

[Event "GSF 75 aars jubilaeum Basis 1 2008"]
[Site "Bagsvaerd"]
[Date "2008.06.10"]
[Round "7"]
[White "Lodahl, Holger"]
[Black "Olsen, Michael"]
[Result "1-0"]
[WhiteElo "1645"]
[BlackElo "1724"]
[PlyCount "25"]
[EventDate "2008.??.??"]

1. d4 e5 2. dxe5 Nc6 3. Nf3 Bc5 4. e3 Qe7 5. Be2 Nxe5 6. O-O d6 7. Nc3 Nf6 8.
b3 Bd7 9. Bb2 Neg4 10. e4 Nxf2 11. Rxf2 Ng4 12. Nd4 Qf6 13. Rxf6 1-0